Tallest Buildings in the World - Statistics

General Stats
  • This quiz has been taken 8 times
  • The average score is 3 of 25
Answer Stats
Location Height Building % Correct
Dubai, UAE 2,717' Burj Khalifa
88%
NYC, USA 1,776' One World Trade Center
50%
Shanghai, China 2,073' Shanghai Tower
50%
Kuala Lumpur, Malaysia 1,483' Petronas Towers
38%
Mecca, Saudi Arabia 1,972' Makkah Royal Clock Tower
25%
Taipei, Taiwan 1,667' Taipei 101
25%
Seoul, South Korea 1,819' Lotte World Tower
13%
Shenzhen, China 1,965' Ping An Finance Center
13%
Chicago, USA 1,389' Trump International Hotel & Tower
13%
Chicago, USA 1,451' Willis Tower
13%
Dubai, UAE 1,287' 23 Marina
0%
NYC, USA 1,397' 432 Park Avenue
0%
Kuwait City, Kuwait 1,354' Al Hamra Tower
0%
Changsha, China 1,483' Changsha IFS Tower T1
0%
Guangzhou, China 1,280' CITIC Plaza
0%
Guangzhou, China 1,739' Guangzhou CTF Finance Center
0%
Guangzhou, China 1,439' Guangzhou International Finance Center
0%
Hong Kong, China 1,588' International Commerce Center
0%
Shanghai, China 1,380' Jin Mao Tower
0%
Shenzhen, China 1,449' KK100
0%
Dubai, UAE 1,394' Marina 101
0%
Dubai, UAE 1,356' Princess Tower
0%
Shanghai, China 1,614' Shanghai World Financial Center
0%
Hong Kong, China 1,352' Two International Finance Center
0%
Nanjing, China 1,476' Zifeng Tower
0%
No matching quizzes found
Score Distribution
Percent of People with Each Score
Percentile by Number Answered
Your Score History
You have not taken this quiz